Jahreszahlen der Geschichte - Statistiken

Allgemein
  • Dieses Quiz wurde 336 mal gespielt
  • Das Durchschnittsergebnis liegt bei 6 aus 15
Antwortstatistiken
Ereignis Jahreszahl % Korrekt
Ende 2. Weltkrieg 1945
94%
Anfang 1. Weltkrieg 1914
93%
Großbritannien verlässt die EU 2016
80%
Zerbruch der Sowjetunion 1991
75%
Anfang des 30-jährigen Krieges 1618
63%
Deutsches Kaiserreich wird gegründet 1871
60%
Deutsche Revolution 1848
55%
Napoleons Russlandfeldzug 1812
47%
Tod von Julius Caesar 44 vor Christus
15%
Fall des Römischen Reiches 476
13%
Anfang der industriellen Revolution 1760
10%
Anfang der industriellen Revolution 1760
10%
Ausbruch der Pest 1347
8%
Alexander der Große erobert Persien 334 vor Christus
6%
Gründung des heiligen römischen Reiches 900
5%
Keine übereinstimmenden Quizze gefunden
Verteilung der Resultate
Anzahl Personen mit jedem Resultat
Perzentil nach korrekt beantworteten Fragen
Ihre Resultats-Entwicklung
Sie haben dieses Quiz noch nicht gespielt